000 00423nam a22001457a 4500
005 20241025120942.0
008 241025b |||||||| |||| 00| 0 eng d
020 _a0-8101-0381-8
050 _aQ 127 .U6 N56 1972
_bC.1
100 _aDANIELS, GEORGE H.
245 _aNINETEENTH-CENTURY AMERICAN SCIENCE
_bA REAPPRAISAL
260 _aEVANSTON
_bNORTHWESTERN UNIVERSITY PRESS
_c1972
300 _aXV, .P274
942 _2lcc
_cBK
999 _c213342
_d213342